DĚJINY FARMACEUTICKÉHO STUDIA NA BRNĚNSKÉ UNIVERSITĚ (1945 - 1960)

Bibliographic Details
Main Author: Rusek, Václav, 1928-2016 (Author)
Format: Article
Language:Slovak
Czech

MARC

LEADER 00000nab a2200000ua 4500
001 vtls010745701
003 SK-MaSNL
005 20260304202528.0
008 250718s1967 xo |||||||||||||||||slo|
035 |a (urnnbn)urn:nbn:sk:snk:ar-a0279w 
035 |a (uuid)2a972f30-e9f5-4750-ab29-2a45acbecaa0 
035 |a urn:nbn:sk:snk-ab4hj5 
040 |a SNKBUCL  |b slo  |c SNKBUCL  |e AACR2 
041 0 |a cze 
044 |a xo  |c SK 
100 1 |a Rusek, Václav,  |d 1928-2016  |4 aut  |9 211494 
245 1 0 |a DĚJINY FARMACEUTICKÉHO STUDIA NA BRNĚNSKÉ UNIVERSITĚ (1945 - 1960)  |c Václav Rusek 
773 0 |t Acta Facultatis Pharmaceuticae Bohemoslovenicae  |g Roč. 13, č. 13 (1967), s. 13-38 
850 |a Slovenská národná knižnica 
852 |a Slovenská národná knižnica 
958 |a article3 
958 |a OND 
958 |a EUIPO 
999 |c 3103641  |d 3105571